Bytový komplex, Bratislava - Petržalka

Saved in:
Bibliographic Details
Main Author: Birdáčová, Patrícia (Author)
Other Authors: Szalayová, Sylvia (Thesis advisor)
Format: Manuscript Book
Language:Slovak
Published: 2019
Subjects:
Online Access:http://is.stuba.sk/zp/portal_zp.pl?podrobnosti=144678
https://opac.crzp.sk/?fn=detailBiblioForm&sid=9F8942B94996237AA2F51DF666DC
Tags: Add Tag
No Tags, Be the first to tag this record!

MARC

LEADER 00000ntm a22000003a 4500
001 stuzp73918
003 SK-STU
005 20230526105638.8
007 ta
008 150427s2015----xo-----f-mn---000-0-slo-d
040 |a STU  |b slo 
041 0 |a slo 
100 1 |a Birdáčová, Patrícia  |u 010270  |k Z4  |4 aut  |U SvF Stavebná fakulta  |T SvF Katedra technológie stavieb  |X 62927  |U V270  |Y 28  |7 62927 
242 0 1 |a Technological project  |y eng 
245 1 0 |a Bytový komplex, Bratislava - Petržalka 
260 |c 2019 
650 4 |a Bytový komplex  |2 slo 
650 4 |a Technológia betónových viborstĺpov  |2 slo 
650 4 |a Zariadenie staveniska  |2 slo 
650 4 |a Concrete vibro columns  |2 eng 
650 4 |a Technology  |2 eng 
650 4 |a Residential building  |2 eng 
700 1 |a Szalayová, Sylvia  |u 010270  |k Z1  |4 ths  |U SvF Stavebná fakulta  |T SvF Katedra technológie stavieb  |X 961  |U V270  |Y 28  |7 A000000961 
856 4 |u http://is.stuba.sk/zp/portal_zp.pl?podrobnosti=144678 
856 4 |u https://opac.crzp.sk/?fn=detailBiblioForm&sid=9F8942B94996237AA2F51DF666DC